Statistics for All 4-Letter Words Starting with “W”

Click here to take the quiz!

General Stats

  • This quiz has been taken 786 times
    (123 since last reset)
  • The average score is 97 of 170

Answer Stats

Word% Correct
wars
87%
wall
86%
when
86%
wade
85%
wart
85%
will
85%
wane
82%
wool
82%
wait
81%
wake
81%
wine
81%
ware
80%
well
80%
what
80%
wins
80%
warm
79%
wave
79%
were
79%
wise
79%
wore
79%
warn
78%
wash
78%
wire
78%
walk
76%
whip
76%
wads
75%
want
75%
wear
75%
wide
75%
word
75%
warp
74%
went
74%
west
74%
wack
73%
wail
73%
wish
73%
with
73%
wage
72%
wain
72%
ward
72%
watt
72%
whit
72%
wood
72%
worm
72%
wags
71%
wale
71%
wasp
71%
ways
71%
weed
71%
week
71%
weep
71%
whim
71%
wits
71%
work
71%
wife
69%
woke
69%
wean
68%
wees
68%
wick
68%
wile
68%
wans
67%
wast
67%
webs
67%
weel
67%
weet
67%
wets
67%
wind
67%
wand
66%
ween
66%
wigs
66%
wink
66%
worn
66%
w***
65%
whet
65%
wipe
65%
waft
64%
weal
64%
wilt
64%
wist
64%
wing
62%
woof
62%
wary
61%
weak
61%
welt
61%
whin
61%
whom
61%
wort
61%
weds
60%
woos
60%
wats
59%
wavy
59%
whey
59%
wimp
59%
wite
59%
wont
59%
wows
59%
whir
58%
wino
58%
womb
58%
wild
56%
wabs
55%
wair
55%
wark
55%
weer
55%
wadi
54%
waxy
54%
whew
54%
whid
54%
whig
54%
wisp
54%
wali
53%
whop
53%
weld
52%
wove
52%
waff
51%
waif
51%
waps
51%
wens
51%
whiz
51%
wiss
51%
wolf
51%
wame
49%
wend
49%
wham
49%
wons
49%
whys
47%
waly
46%
wert
46%
weir
45%
whoa
45%
winy
42%
wive
42%
woks
42%
wily
41%
wady
40%
whee
40%
wonk
40%
wiry
39%
wrap
39%
wany
38%
waul
38%
waur
38%
whap
38%
wots
38%
wept
36%
wren
36%
wuss
36%
wauk
35%
woes
35%
writ
35%
weft
34%
wold
33%
waes
31%
waws
31%
weta
29%
wost
29%
whup
26%
waah
25%
woad
22%
wich
21%
wiki
20%
wawl
19%
weka
18%
wyte
14%
wyes
13%
wyle
13%
wych
9%
wyns
6%
wynd
5%
wynn
5%

Score Distribution

Percentile by Number Answered

Percent of People with Each Score

Your Score History

You have not taken this quiz since the last reset